000 00516nam a2200181Ia 4500
003 GCL
008 140319s9999 xx 000 0 eng d
040 _aGCL /
_cGCL
082 0 4 _a629.83
_bD F
100 1 _aD'AZZO, JOHN J.
245 1 0 _aFEEDBACK CONTROL SYSTEM ANALYSIS AND SYNTHESIS /
_cD'AZZO, JOHN J.
260 _a[S.N] :
_bMC GRAW - HILL ،
_c1966
300 _a824 P
650 0 4 _aالتحليل الرياضى
650 0 4 _aFEEDBACK CONTROL SYSTEMS
650 0 4 _aELECTRIC ENGINEERING
942 _2ddc
_cBK
999 _c19824
_d19824